| 000 | 00000nam##2200000za#4500 |
| 001 | 9.648536 |
| 003 | CaOODSP |
| 005 | 20210927150319 |
| 007 | ta |
| 008 | 150407|2002||||xxc||||| f|0| 0 eng|d |
| 020 | |a0-662-32073-5 |
| 040 | |aCaOODSP|beng |
| 043 | |an-cn--- |
| 086 | 1 |aR2-208/2002-1E |
| 110 | 1 |aCanada. |bIndian and Northern Affairs Canada. |
| 245 | 10|aMine site reclamation policy for Nunavut : |ba policy for the protection of the environment and the disposition of liability relating to mine closures in Nunavut |
| 260 | |aOttawa - Ontario : |bIndian and Northern Affairs |c2002. |
| 300 | |a14p. ; |c28 cm. |
| 520 | 3 |aThis policy on mine site reclamation for Nunavut was developed by Indian and Northern Affairs Canada after consultations with Aboriginal organizations, industry, stakeholders, Northern boards and territorial governments. The aim of the policy is to ensure the protection of the environment from the effects of mine closures and abandoned mines, giving clear standards for industry. This policy will help establish a strong resource management base in the North. Having such policies in the North serves industry and investors, as well as environmental interests and communities. |
| 563 | |aSoftcover |
| 590 | |a02-31|b2002-08-02 |
| 690 | 07|aEnvironmental policy|2gcpds |
| 690 | 07|aMining industry|2gcpds |
| 690 | 07|aNorthern Canada|2gcpds |
| 775 | 08|tPolitique de remise en état des sites miniers du Nunavut : |w(CaOODSP)9.681819 |
| 776 | 0#|tMine site reclamation policy for Nunavut : |w(CaOODSP)9.698067 |